000 00450cam a2200181ua 4500
001 2980
008 110920n ii |||gr||||Z||||||asm
040 _cMAIN
082 _a920
100 1 _aRajkhowa, Benudhar,
_eAuthor.
245 1 1 _aMor jivan dapon
_cby Benudhar Rajkhowa
250 _a1st.
260 _aGuahati:
_bLakhimi Choudhury,969.
300 _a231p:
_c23cm.
653 _aBiography
653 _aBiography of Mor jivan dapon
942 _cBK
999 _c2828
_d2828